[Event "SRB-chT 2nd League"]
[Site "Novi Sad"]
[Date "2023.11.07"]
[Round "8.3"]
[White "Stankovic, Milos M"]
[Black "Mijatovic, Dusan"]
[Result "1-0"]
[WhiteElo "2249"]
[BlackElo "2141"]
[PlyCount "85"]
[EventDate "2023.11.02"]
[EventType "team-tourn"]
[EventRounds "11"]
[EventCountry "SRB"]
[SourceTitle "CB46_2023"]
[SourceDate "2023.11.15"]
[SourceVersion "1"]
[SourceVersionDate "2023.11.15"]
[SourceQuality "1"]
[WhiteTeam "Dec"]
[BlackTeam "Stara Pazova"]
[WhiteTeamCountry "SRB"]
[BlackTeamCountry "SRB"]

1. d4 Nf6 2. c4 e6 3. g3 Bb4+ 4. Bd2 a5 5. Bg2 d6 6. Nf3 Nbd7 7. 0-0 e5 8. Nc3 exd4 9. Nxd4 0-0 10. Nd5 Bxd2 11. Qxd2 c6 12. Ne3 Nb6 13. Rfd1 Re8 14. Nxc6 bxc6 15. Bxc6 Bd7 16. Bxa8 Qxa8 17. Qxd6 Re6 18. Qd4 Qc6 19. Nd5 Be8 20. Nxb6 Qxb6 21. Qxb6 Rxb6 22. b3 Kf8 23. f3 Bc6 24. Rab1 Nd7 25. a3 Ne5 26. Rdc1 g5 27. b4 axb4 28. axb4 h5 29. b5 Bd7 30. Kf2 Ke7 31. Ke3 f6 32. Rb4 Rb8 33. Rcb1 Be6 34. c5 Nc4+ 35. Kd4 Na3 36. R1b2 Rd8+ 37. Kc3 Rb8 38. b6 Bd5 39. Ra4 Nc4 40. Rxc4 Bxc4 41. Kxc4 Kd7 42. Rd2+ Kc8 43. Kb5 1-0

[Event "SRB-chT 2nd League"]
[Site "Novi Sad"]
[Date "2023.11.05"]
[Round "5.3"]
[White "Stankovic, Milos M"]
[Black "Pajcin, Lav"]
[Result "1-0"]
[WhiteElo "2249"]
[BlackElo "2109"]
[PlyCount "93"]
[EventDate "2023.11.02"]
[EventType "team-tourn"]
[EventRounds "11"]
[EventCountry "SRB"]
[SourceTitle "CB46_2023"]
[SourceDate "2023.11.15"]
[SourceVersion "1"]
[SourceVersionDate "2023.11.15"]
[SourceQuality "1"]
[WhiteTeam "Dec"]
[BlackTeam "Gajdobra Hercegovac"]
[WhiteTeamCountry "SRB"]
[BlackTeamCountry "SRB"]

1. d4 d5 2. Nf3 Nf6 3. c4 c6 4. g3 Bf5 5. Bg2 e6 6. 0-0 Nbd7 7. Nc3 h6 8. Nd2 Be7 9. e4 dxe4 10. Ndxe4 0-0 11. Be3 Nxe4 12. Nxe4 Nf6 13. Nc3 Qa5 14. a3 Rad8 15. b4 Qa6 16. Qe2 Ng4 17. Rfd1 Nxe3 18. fxe3 Qb6 19. c5 Qc7 20. e4 Bg6 21. Bf3 Rd7 22. Qc4 Rfd8 23. d5 Qe5 24. d6 Bg5 25. Ne2 h5 26. h4 Be3+ 27. Kg2 b6 28. Qd3 Bh6 29. Qd4 f6 30. Kf2 Be8 31. Rab1 Rb7 32. Qxe5 fxe5 33. Nc3 Rdb8 34. Na4 b5 35. Nb2 g6 36. Nd3 Bg7 37. a4 Ra8 38. Ra1 a5 39. axb5 Rxb5 40. bxa5 Bf6 41. a6 Kf8 42. Be2 Rb3 43. Rd2 Rbb8 44. Rb2 Rd8 45. Rb7 Rd7 46. Rxd7 Bxd7 47. a7 1-0

[Event "SRB-chT Premier"]
[Site "Bajina Basta"]
[Date "2023.09.22"]
[Round "5.2"]
[White "Stankovic, Milos M"]
[Black "Titov, Ivan"]
[Result "1/2-1/2"]
[WhiteElo "2240"]
[BlackElo "2119"]
[PlyCount "152"]
[EventDate "2023.09.18"]
[EventType "team-tourn"]
[EventRounds "11"]
[EventCountry "SRB"]
[SourceTitle "EXT 2024"]
[Source "ChessBase"]
[SourceDate "2023.10.10"]
[SourceVersion "1"]
[SourceVersionDate "2023.10.10"]
[SourceQuality "1"]
[WhiteTeam "Nova Pazova Mladost"]
[BlackTeam "Petrovaradin Kraljica"]
[WhiteTeamCountry "SRB"]
[BlackTeamCountry "SRB"]

1. d4 g6 2. c4 Nf6 3. Nc3 Bg7 4. e4 0-0 5. f3 d6 6. Be3 Nbd7 7. Nge2 a6 8. a4 c5 9. d5 Ne5 10. Ng3 e6 11. Be2 exd5 12. cxd5 h5 13. 0-0 Nh7 14. Qd2 Re8 15. Nh1 Bd7 16. h3 f5 17. Nf2 h4 18. Rfb1 Qf6 19. Ra3 Rac8 20. Rb3 Rc7 21. Rb6 Nf7 22. f4 Qd8 23. e5 dxe5 24. Rxg6 Nf8 25. Rb6 Bc8 26. Bh5 exf4 27. Bxf4 Rce7 28. a5 Bd4 29. Rf1 Re3 30. Bxf7+ Kxf7 31. Qd1 Rg3 32. Qh5+ Kg8 33. Kh1 Qe7 34. Bxg3 hxg3 35. Nd3 c4 36. Nf4 Qe1 37. Qd1 Qxd1 38. Rxd1 Bxb6 39. axb6 Kf7 40. Kg1 Nd7 41. Nfe2 Re3 42. Kf1 Nxb6 43. Rd4 Kf6 44. Ke1 Rd3 45. Rxd3 cxd3 46. Nxg3 f4 47. Nge4+ Ke5 48. Nc5 Bf5 49. d6 Kd4 50. Nxb7 Nc4 51. Nd1 Be6 52. b4 Bf5 53. Nf2 d2+ 54. Ke2 Kc3 55. Kf3 Kxb4 56. Kxf4 Be6 57. h4 Kc3 58. Ne4+ Kd4 59. Nxd2 Nxd2 60. h5 Ne4 61. h6 Nf6 62. Kg5 Ke5 63. Nd8 Nh7+ 64. Kg6 Bf5+ 65. Kg7 Kxd6 66. g4 Bd3 67. Nf7+ Kd5 68. g5 Nxg5 69. Nxg5 a5 70. Nh3 Ke5 71. Nf2 Bc2 72. Nd1 Kd4 73. Nb2 Kc3 74. Na4+ Kb4 75. Nb6 a4 76. Nxa4 Kxa4 1/2-1/2

[Event "SRB-chT 2nd League"]
[Site "Vrnjacka Banja"]
[Date "2022.11.05"]
[Round "2.3"]
[White "Stankovic, Milos M"]
[Black "Kovacevic, Dragisa"]
[Result "1-0"]
[WhiteElo "2170"]
[BlackElo "2224"]
[PlyCount "72"]
[EventDate "2022.11.04"]
[EventType "team-tourn"]
[EventRounds "11"]
[EventCountry "SRB"]
[SourceTitle "CBM 211 Extra"]
[Source "ChessBase"]
[SourceDate "2023.01.31"]
[SourceVersion "1"]
[SourceVersionDate "2023.01.31"]
[SourceQuality "1"]
[WhiteTeam "Nova Pazova Mladost"]
[BlackTeam "Jazak Car Uros"]
[WhiteTeamCountry "SRB"]
[BlackTeamCountry "SRB"]

1. d4 Nf6 2. c4 e6 3. Nc3 d5 4. Nf3 Bb4 5. g3 0-0 6. Bg2 c6 7. 0-0 a5 8. Bg5 Nbd7 9. c5 Bxc3 10. bxc3 h6 11. Bxf6 gxf6 12. Qd2 Kg7 13. Qf4 b6 14. cxb6 Nxb6 15. Qg4+ Kh7 16. e4 Nc4 17. Rfe1 Ba6 18. Nh4 Nd6 19. Qf4 Bd3 20. exd5 cxd5 21. Re3 Be4 22. f3 Bg6 23. Bf1 Rb8 24. Nxg6 Kxg6 25. Bd3+ Kg7 26. Qg4+ Kh8 27. Qh5 Kg7 28. Rxe6 Rh8 29. Re3 Re8 30. Rxe8 Qxe8 31. Qg4+ Kf8 32. Qf4 Qe6 33. Bf5 Nxf5 34. Qxb8+ Kg7 35. Qf4 Qc8 36. Rb1 Ne7 1-0

[Event "Paracin Orbis IM 01"]
[Site "Paracin"]
[Date "2022.01.29"]
[Round "8"]
[White "Tyurin, Artem"]
[Black "Stankovic, Milos M"]
[Result "1-0"]
[WhiteElo "2261"]
[BlackElo "2201"]
[PlyCount "89"]
[EventDate "2022.01.24"]
[EventType "swiss"]
[EventRounds "9"]
[EventCountry "SRB"]
[SourceTitle "CBM 206 Extra"]
[Source "ChessBase"]
[SourceDate "2022.03.31"]
[SourceVersion "1"]
[SourceVersionDate "2022.03.31"]
[SourceQuality "1"]

1. c4 Nf6 2. Nc3 d5 3. cxd5 Nxd5 4. Nf3 g6 5. h4 h5 6. Qb3 Nb6 7. Ng5 e6 8. g3 Bd7 9. Bg2 Bc6 10. Nce4 Bg7 11. 0-0 Bd5 12. Qc2 0-0 13. d4 Nc6 14. e3 e5 15. dxe5 Nxe5 16. Rd1 Qe7 17. Bd2 c6 18. Bc3 Rfd8 19. b3 Ng4 20. Bxg7 Kxg7 21. Qc3+ f6 22. Nc5 Kh6 23. e4 Bg8 24. Nf3 Kh7 25. Re1 Ne5 26. Nxe5 fxe5 27. Rad1 Rf8 28. a4 Rad8 29. Bh3 Qf7 30. Qe3 Qe7 31. a5 Rd4 32. Rxd4 exd4 33. Qxd4 Rd8 34. Qe3 Na8 35. e5 Bd5 36. e6 Rf8 37. Bg2 Nc7 38. Nd7 Rf5 39. Qxa7 Bxe6 40. Nb8 Qc5 41. Qxc5 Rxc5 42. a6 Rb5 43. Bf1 Rxb3 44. axb7 Rxb7 45. Nd7 1-0

[Event "Paracin Orbis IM 01"]
[Site "Paracin"]
[Date "2022.01.27"]
[Round "5"]
[White "Dev, Shah"]
[Black "Stankovic, Milos M"]
[Result "1-0"]
[WhiteElo "2248"]
[BlackElo "2201"]
[PlyCount "193"]
[EventDate "2022.01.24"]
[EventType "swiss"]
[EventRounds "9"]
[EventCountry "SRB"]
[SourceTitle "CBM 206 Extra"]
[Source "ChessBase"]
[SourceDate "2022.03.31"]
[SourceVersion "1"]
[SourceVersionDate "2022.03.31"]
[SourceQuality "1"]

1. d4 Nf6 2. c4 g6 3. Nc3 d5 4. cxd5 Nxd5 5. e4 Nxc3 6. bxc3 Bg7 7. Bc4 c5 8. Ne2 Nc6 9. Be3 0-0 10. 0-0 Qa5 11. Rb1 a6 12. Bd5 cxd4 13. cxd4 e6 14. Bxc6 bxc6 15. Qc2 Bd7 16. Rb7 Bc8 17. Rb3 Bd7 18. Rfb1 Rfc8 19. Rb6 Be8 20. f4 Rab8 21. R6b3 Rb5 22. e5 Bf8 23. Nc3 Rxb3 24. axb3 c5 25. Ne4 Bc6 26. Nf6+ Kg7 27. dxc5 Qb4 28. Qf2 h6 29. Rc1 Qxb3 30. f5 Rd8 31. Bxh6+ Kh8 32. Bxf8 Rd1+ 33. Rxd1 Qxd1+ 34. Qf1 Qd4+ 35. Kh1 Qb2 36. Bh6 exf5 37. Be3 Kg7 38. h3 a5 39. Qf2 Qa1+ 40. Qg1 Qxe5 41. Bd4 Qe2 42. Nd5+ Kh7 43. Nc3 Qd3 44. Kh2 f4 45. Qf2 g5 46. h4 Kg6 47. hxg5 Kxg5 48. Be5 Qf5 49. Bd6 a4 50. Ne2 Qh7+ 51. Kg1 Qb1+ 52. Qf1 Qxf1+ 53. Kxf1 f3 54. gxf3 Bxf3 55. Nd4 Bd5 56. c6 Bxc6 57. Nxc6 Kf5 58. Nd4+ Ke4 59. Nb5 Kd5 60. Bf8 Kc4 61. Na3+ Kd4 62. Kf2 Ke4 63. Nb5 Kd3 64. Kf3 Kc4 65. Na3+ Kb3 66. Kf4 f5 67. Kxf5 Kc3 68. Ke4 Kd2 69. Bc5 Ke2 70. Nc4 Kf1 71. Nb2 a3 72. Bxa3 Ke2 73. Bb4 Kf2 74. Nd3+ Ke2 75. Nf4+ Kf2 76. Bd2 Kg3 77. Be1+ Kg4 78. Ne6 Kh3 79. Kf3 Kh2 80. Ng5 Kg1 81. Bg3 Kh1 82. Ne4 Kg1 83. Nf2 Kf1 84. Bh2 Ke1 85. Ne4 Kd1 86. Ke3 Kc2 87. Nd2 Kc3 88. Bd6 Kc2 89. Bb4 Kd1 90. Kd3 Ke1 91. Bc5 Kd1 92. Bf2 Kc1 93. Nc4 Kb1 94. Kc3 Ka2 95. Be3 Kb1 96. Kb3 Ka1 97. Bd2 1-0

[Event "Paracin Winter IM"]
[Site "Paracin"]
[Date "2022.01.23"]
[Round "9"]
[White "Zlatanovic, Boroljub"]
[Black "Stankovic, Milos M"]
[Result "1/2-1/2"]
[WhiteElo "2334"]
[BlackElo "2201"]
[PlyCount "22"]
[EventDate "2022.01.17"]
[EventType "tourn"]
[EventRounds "9"]
[EventCountry "SRB"]
[EventCategory "1"]
[SourceTitle "CBM 206 Extra"]
[Source "ChessBase"]
[SourceDate "2022.03.31"]
[SourceVersion "1"]
[SourceVersionDate "2022.03.31"]
[SourceQuality "1"]

1. c4 c6 2. Nf3 Nf6 3. Nc3 d5 4. cxd5 cxd5 5. d4 Nc6 6. Bf4 e6 7. e3 Bd6 8. Bxd6 Qxd6 9. Bd3 0-0 10. 0-0 a6 11. Rc1 Bd7 1/2-1/2

[Event "Paracin Winter IM"]
[Site "Paracin"]
[Date "2022.01.17"]
[Round "1"]
[White "Stankovic, Milos M"]
[Black "Ilincic, Zlatko"]
[Result "0-1"]
[WhiteElo "2201"]
[BlackElo "2326"]
[PlyCount "78"]
[EventDate "2022.01.17"]
[EventType "tourn"]
[EventRounds "9"]
[EventCountry "SRB"]
[EventCategory "1"]
[SourceTitle "CBM 206 Extra"]
[Source "ChessBase"]
[SourceDate "2022.03.31"]
[SourceVersion "1"]
[SourceVersionDate "2022.03.31"]
[SourceQuality "1"]

1. d4 Nf6 2. c4 e6 3. Nc3 Bb4 4. g3 0-0 5. Bg2 d5 6. Nf3 dxc4 7. 0-0 Nc6 8. Bg5 h6 9. Bxf6 Qxf6 10. Ne4 Qf5 11. Qc2 Be7 12. h3 Bd7 13. g4 Nb4 14. Qb1 Qh7 15. Ne5 Rad8 16. Qc1 Bb5 17. Rd1 f6 18. Nxc4 f5 19. Ng3 c5 20. gxf5 exf5 21. d5 Bg5 22. Qc3 f4 23. Be4 g6 24. Nf1 Bf6 25. Qb3 Qd7 26. a4 Ba6 27. Kh2 Kg7 28. Bf3 h5 29. Nfd2 Kh6 30. Ne4 b6 31. Nxf6 Rxf6 32. Ne5 Qf5 33. Nc6 Re8 34. Nxb4 cxb4 35. Rd2 Bc8 36. Bg2 f3 37. Qxf3 Qg5 38. Qd3 Rxf2 39. Qg3 Rxg2+ 0-1

[Event "Vojvodina-chT 21st"]
[Site "Backa Palanka"]
[Date "2021.10.25"]
[Round "4.2"]
[White "Gagic, Milan A"]
[Black "Stankovic, Milos M"]
[Result "1/2-1/2"]
[WhiteElo "2225"]
[BlackElo "2201"]
[PlyCount "99"]
[EventDate "2021.10.23"]
[EventType "team-tourn"]
[EventRounds "11"]
[EventCountry "SRB"]
[SourceTitle "CBM 204 Extra"]
[Source "ChessBase"]
[SourceDate "2021.11.30"]
[SourceVersion "1"]
[SourceVersionDate "2021.11.30"]
[SourceQuality "1"]
[WhiteTeam "Petrovaradin Kraljica"]
[BlackTeam "Backa Palanka"]
[WhiteTeamCountry "SRB"]
[BlackTeamCountry "SRB"]

1. e4 c5 2. Nf3 d6 3. Bb5+ Bd7 4. Bxd7+ Qxd7 5. 0-0 Nf6 6. Re1 Nc6 7. c3 e6 8. d4 cxd4 9. cxd4 d5 10. e5 Ne4 11. Nbd2 Nxd2 12. Bxd2 Be7 13. a3 0-0 14. Rc1 Rfc8 15. Rc3 b5 16. Rd3 a5 17. Ng5 Bxg5 18. Bxg5 Ne7 19. Qg4 Ng6 20. h4 h6 21. Bd2 Kh7 22. h5 Ne7 23. Rg3 Nf5 24. Rd3 Qc6 25. Rc1 Qb6 26. Qf4 Rxc1+ 27. Bxc1 Rf8 28. g4 Ne7 29. Rc3 b4 30. axb4 axb4 31. Rc5 Kg8 32. Bd2 Qb7 33. Kg2 Rc8 34. Qe3 Rb8 35. Qd3 Qb6 36. Qc2 Rb7 37. Qa4 Rb8 38. Qd7 Kf8 39. Rc7 Re8 40. Be3 Qa6 41. Qd6 Qe2 42. Kg3 Qxb2 43. g5 Qe2 44. gxh6 Qxh5 45. Rxe7 Qg6+ 46. Kh4 Qe4+ 47. f4 Rxe7 48. hxg7+ Kxg7 49. Qxe7 Qxe3 50. Qg5+ 1/2-1/2

[Event "SRB-chT 1st League CS"]
[Site "Bajina Basta"]
[Date "2021.09.28"]
[Round "4.3"]
[White "Stankovic, Milos M"]
[Black "Dudukovic, Nikola"]
[Result "1-0"]
[WhiteElo "2201"]
[BlackElo "2385"]
[PlyCount "97"]
[EventDate "2021.09.26"]
[EventType "team-tourn"]
[EventRounds "11"]
[EventCountry "SRB"]
[SourceTitle "EXT 2023"]
[Source "ChessBase"]
[SourceDate "2022.10.05"]
[SourceVersion "1"]
[SourceVersionDate "2022.10.05"]
[SourceQuality "1"]
[WhiteTeam "Paracin OSK"]
[BlackTeam "Kostolac Rudar"]
[WhiteTeamCountry "SRB"]
[BlackTeamCountry "SRB"]

1. d4 Nf6 2. c4 c5 3. d5 e6 4. Nc3 exd5 5. cxd5 d6 6. e4 g6 7. f3 Bg7 8. Nge2 0-0 9. Ng3 Nbd7 10. Be2 a6 11. a4 Qa5 12. Bd2 Qc7 13. 0-0 h5 14. Bg5 Re8 15. Qd2 Rb8 16. Rab1 Qa5 17. Bf4 Ne5 18. Ra1 Nh7 19. h3 h4 20. Nh1 f5 21. Nf2 Nf7 22. exf5 gxf5 23. Rfe1 Bd7 24. Nd3 c4 25. Nf2 Qc5 26. a5 Nf6 27. Bf1 Rxe1 28. Rxe1 Qxa5 29. Bxc4 b5 30. Bb3 Qb4 31. Ba2 Nh5 32. Nd3 Qa5 33. Bb3 b4 34. Ne2 Qd8 35. Be3 a5 36. Ndf4 Nxf4 37. Nxf4 a4 38. Ne6 Qa5 39. Nxg7 Kxg7 40. Bd4+ Kf8 41. Bc4 Rc8 42. Qe2 Qd8 43. f4 Qe8 44. Qd2 Qxe1+ 45. Qxe1 Rxc4 46. Bf6 Re4 47. Qxh4 a3 48. bxa3 bxa3 49. Qg3 1-0

[Event "SRB-chT 1st League CS"]
[Site "Bajina Basta"]
[Date "2021.09.27"]
[Round "3.3"]
[White "Ilic, Dragan M"]
[Black "Stankovic, Milos M"]
[Result "1/2-1/2"]
[WhiteElo "2280"]
[BlackElo "2201"]
[PlyCount "21"]
[EventDate "2021.09.26"]
[EventType "team-tourn"]
[EventRounds "11"]
[EventCountry "SRB"]
[SourceTitle "EXT 2023"]
[Source "ChessBase"]
[SourceDate "2022.10.05"]
[SourceVersion "1"]
[SourceVersionDate "2022.10.05"]
[SourceQuality "1"]
[WhiteTeam "Valjevo Krusik"]
[BlackTeam "Paracin OSK"]
[WhiteTeamCountry "SRB"]
[BlackTeamCountry "SRB"]

1. d4 d6 2. Nf3 f5 3. c4 g6 4. Nc3 Nf6 5. g3 Bg7 6. Bg2 0-0 7. 0-0 Na6 8. b3 e6 9. Bb2 Qe7 10. d5 Nc5 11. Nd4 1/2-1/2

[Event "Paracin Summer op 14th"]
[Site "Paracin"]
[Date "2021.07.10"]
[Round "3"]
[White "Efremov, Vladislav"]
[Black "Stankovic, Milos M"]
[Result "1/2-1/2"]
[WhiteElo "2173"]
[BlackElo "2327"]
[PlyCount "50"]
[EventDate "2021.07.09"]
[EventType "swiss"]
[EventRounds "9"]
[EventCountry "SRB"]
[SourceTitle "EXT 2022"]
[Source "ChessBase"]
[SourceDate "2021.10.06"]
[SourceVersion "1"]
[SourceVersionDate "2021.10.06"]
[SourceQuality "1"]

1. d4 d6 2. c4 f5 3. Nc3 Nf6 4. Bg5 g6 5. e3 Bg7 6. Nf3 0-0 7. Qc2 Na6 8. Be2 c6 9. h4 Qc7 10. a3 e5 11. Bxf6 Bxf6 12. h5 Qf7 13. hxg6 hxg6 14. 0-0-0 Kg7 15. Rh2 Rh8 16. Rxh8 Kxh8 17. dxe5 dxe5 18. g4 fxg4 19. Nh2 Bf5 20. e4 Be6 21. Nxg4 Bg7 22. Qd2 Rf8 23. Kc2 Qf4 24. Qxf4 Rxf4 25. f3 Bxg4 1/2-1/2

[Event "Gligoric Cup 7th"]
[Site "Backa Palanka"]
[Date "2021.06.05"]
[Round "4.2"]
[White "Stankovic, Milos M"]
[Black "Drazic, Sinisa"]
[Result "0-1"]
[WhiteElo "2348"]
[BlackElo "2339"]
[PlyCount "108"]
[EventDate "2021.06.03"]
[EventType "team-tourn"]
[EventRounds "5"]
[EventCountry "SRB"]
[SourceTitle "CBM 203 Extra"]
[Source "ChessBase"]
[SourceDate "2021.09.30"]
[SourceVersion "1"]
[SourceVersionDate "2021.09.30"]
[SourceQuality "1"]
[WhiteTeam "Backa Palanka"]
[BlackTeam "Kac Jugovic"]
[WhiteTeamCountry "SRB"]
[BlackTeamCountry "SRB"]

1. d4 d5 2. Nf3 c5 3. g3 Nc6 4. Bg2 Nf6 5. 0-0 Bg4 6. Ne5 cxd4 7. Nxg4 Nxg4 8. e3 Nf6 9. exd4 e6 10. c3 Rb8 11. Re1 h6 12. f4 Be7 13. g4 Qd6 14. Qe2 Kf8 15. h3 g6 16. a4 Re8 17. Na3 Bd8 18. b4 Kg7 19. a5 a6 20. Nc2 Bc7 21. Rf1 Na7 22. Bd2 Qd7 23. Ne1 Nb5 24. Nd3 Nd6 25. Nc5 Qc8 26. Qd3 Bb8 27. Rae1 Qc7 28. Bc1 Nb5 29. Bd2 h5 30. g5 Nd7 31. h4 Nd6 32. Bh3 Qc6 33. Re2 Nf5 34. Bxf5 exf5 35. Rfe1 Re4 36. Rxe4 dxe4 37. Qe3 Rd8 38. c4 Qc7 39. d5 Kg8 40. Qd4 Ba7 41. Be3 Rc8 42. d6 Bxc5 43. bxc5 Qxa5 44. Rb1 Rxc5 45. Bd2 Rxc4 46. Bxa5 Rxd4 47. Rxb7 Rxd6 48. Ra7 f6 49. gxf6 Nxf6 50. Bc3 Ng4 51. Rg7+ Kf8 52. Ra7 Rc6 53. Bb4+ Kg8 54. Ra8+ Kf7 0-1

[Event "Vojvodina-chT 2nd League"]
[Site "Backa Palanka"]
[Date "2020.10.22"]
[Round "10.2"]
[White "Gajin, Nikola"]
[Black "Stankovic, Milos M"]
[Result "1/2-1/2"]
[WhiteElo "2146"]
[BlackElo "2358"]
[PlyCount "51"]
[EventDate "2020.10.16"]
[EventType "team-tourn"]
[EventRounds "11"]
[EventCountry "SRB"]
[SourceTitle "EXT 2022"]
[Source "ChessBase"]
[SourceDate "2021.10.06"]
[SourceVersion "1"]
[SourceVersionDate "2021.10.06"]
[SourceQuality "1"]
[WhiteTeam "Vojka Sremac"]
[BlackTeam "Backa Palanka"]
[WhiteTeamCountry "SRB"]
[BlackTeamCountry "SRB"]

1. c4 f5 2. Nc3 Nf6 3. Nf3 d6 4. g3 g6 5. Bg2 Bg7 6. d3 0-0 7. 0-0 e5 8. Bg5 h6 9. Bxf6 Bxf6 10. Nd2 g5 11. Rb1 c6 12. Qc2 Be6 13. b4 Nd7 14. b5 Qc7 15. bxc6 bxc6 16. e3 Rab8 17. Nb3 Bg7 18. Rfc1 f4 19. Qe2 Rbe8 20. Nd5 Qc8 21. Na5 Kh8 22. Nb7 Qb8 23. Nc5 Qd8 24. Nxe6 Rxe6 25. Qg4 Ree8 26. Nc3 1/2-1/2